Les villes les plus peuplées du Portugal - Statistiques

Statistiques générales
  • Ce quiz a été pris 80 fois
  • Le résultat moyen est 5 sur 15
Statistiques - réponses
Classement Ville % Correct
1. Lisbonne (545 923)
100%
2. Porto (231 962)
100%
5. Braga (144 362)
85%
8. Coimbra (99 792)
63%
9. Setubal (90 396)
48%
13. Guimarães (68 768)
47%
6. Funchal (105 795)
29%
4. Amadora (171 179)
22%
15. Leiria (60 876)
21%
10 Almada (88 202)
12%
3. Vila Nova de Gaia (188 443)
7%
7. Queluz (100 228)
3%
14. Rio Tinto (65 473)
3%
11. Agualva-Cacèm (81 020)
0%
12. Gondomar (69 172)
0%
Aucun quiz correspondant
Distribution des résultats
% des personnes avec chaque résultat
Percentile par nombre de réponses
Votre historique - résultats
Vous n’avez pas pris ce quiz